| 000 | 00735nam a2200217 a 4500 | ||
|---|---|---|---|
| 001 | BRCA_530 | ||
| 005 | 20190320203041.0 | ||
| 008 | 940325s1988 ag-a---##d---f000-0cspa-d | ||
| 020 | _a9506120358 | ||
| 040 |
_aDLC _cDLC |
||
| 050 | 4 |
_aN6630 _b.P76 1988 |
|
| 245 | 1 | 0 | _aProvincia de Salta. |
| 260 |
_aBuenos Aires _bAcademia Nacional de Bellas Artes _c1988 |
||
| 300 |
_a365 p. _bil. (algunas a color) _c27 cm. |
||
| 440 | 0 |
_aPatrimonio artístico nacional : inventario de bienes muebles _91831 |
|
| 500 | _aIncluye índice de nombres, índice de objetos e índice geográfico | ||
| 500 | _a2do. ejemplar en el Área de Investigación | ||
| 650 | 1 | 4 |
_aArte argentino _91832 |
| 650 | 1 | 4 |
_aArte colonial _zArgentina _91833 |
| 942 |
_2lcc _cB |
||
| 999 |
_c462 _d462 |
||